Del derecho a la investigación al derecho de investigar. Reflexiones sobre el cambio de enfoque.

Saved in:
Bibliographic Details
Other Authors: Martínez Montenegro, Isnel (Director), Casazola Ccama, Juan (coordinador), Castilla Colquehuanca, Jhoni Sahng (coordinador), López Rojas, Dayán (coordinador)
Format: Unknown
Language:English
Published: Santiago, Chile: Thomson Reuters, 2024.
Edition:1ª edición.
Series:Monografías.
Subjects:
Tags: Add Tag
No Tags, Be the first to tag this record!

MARC

LEADER 00000 a2200000 4500
003 CL-VaPUC
005 20241004150707.0
008 240926t2024 ||||| |||| 00| 0 eng d
999 |c 444795  |d 444793 
020 |a 978-956-400-548-5 
040 |c Pontificia Universidad Católica de Valparaíso 
082 |2 22  |a 340.072083 MAR 2024 
100 |a Martínez Montenegro, Isnel   |9 891549  |e director 
245 |a Del derecho a la investigación al derecho de investigar.   |b Reflexiones sobre el cambio de enfoque.  
250 |a 1ª edición.  
260 |a Santiago, Chile:   |b Thomson Reuters,   |c 2024.  
300 |a XI, 301 páginas.  
490 |a Monografías.  
583 |k Yessy Díaz Vidal  |c 20240926 
650 0 |9 891743  |a Derecho de investigar   |x Ética, integridad y financiamiento  |z Chile  
650 0 |9 605740  |a Investigaciones científicas   |x Aspectos jurídicos   |x Educación, derecho y ciencia  
650 0 |9 328647  |a Investigación jurídica  |x Metodologías   |z Chile  
700 |9 891738  |a Casazola Ccama, Juan   |e coordinador 
700 |9 891739  |a Castilla Colquehuanca, Jhoni Sahng   |e coordinador 
700 |9 891742  |a López Rojas, Dayán  |e coordinador 
942 |2 ddc  |c BK 
952 |0 0  |1 0  |2 ddc  |4 0  |6 340_072083000000000_MAR_2024  |7 0  |8 A  |9 596912  |a BIBDER  |b BIBDER  |d 2024-09-23  |e 31  |g 0.00  |i 5662814  |o 340.072083 MAR 2024  |p 5662814  |r 2024-09-23  |t 1  |v 0.00  |w 2024-09-23  |y BK  |k DER